| 000 | 01254nam a22002897a 4500 | ||
|---|---|---|---|
| 005 | 20240530110630.0 | ||
| 008 | 170117s2014 ua bh g b 000 0 ara d | ||
| 017 |
_a2013/10679 _bمصر. دار الكتب |
||
| 020 | _a9789774383832 | ||
| 040 |
_aEG-CaGPL _cEG-CaGPL |
||
| 082 | 0 | 4 |
_221 _a910.01\ _bر د |
| 100 | 0 | _aرائد اركان الجوارى | |
| 245 | 1 | 0 |
_aدراسات فى الفكر الجغرافى : _b( الحضارات القديمة و الحضارة العربية الاسلامية ) / _cتاليف رائد اركان الجوارى |
| 260 |
_aالاسكندرية : _bالمكتب الجامعى الحديث ، _c2014. |
||
| 300 |
_a127 ص. : _bخرائط ، صور ؛ _c24 سم. |
||
| 504 | _aيشتمل على ارجاعات ببليوجرافية | ||
| 650 | 0 | 7 |
_2qrmak _aالجغرافيا الزراعية |
| 650 | 0 | 7 |
_2qrmak _aالجغرافيا الصناعية |
| 650 | 0 | 7 |
_2qrmak _aالجغرافيا الطبيعية |
| 650 | 0 | 7 |
_2qrmak _aالمياه الجوفية |
| 650 | 0 | 7 |
_2qrmak _aالمناخ |
| 650 | 0 | 7 |
_2qrmak _aالجغرافيا الاقتصادية |
| 650 | 0 | 7 |
_2qrmak _aالجغرافيا السياسية |
| 651 | _2qrmak | ||
| 942 |
_2ddc _cBK |
||
| 999 |
_c63232 _d63232 |
||